00812naa#a2200157#i#4500001001600000005001700016011001400033100004100047102000700088200031900095210010500414215001100519608004500530700005800575856002100633RU\\bibl\11190720260413033618.1##a2782-4799##a20260410b2026####ek#y0rusy0150####ca##aRU1#aПриложения для цифрового сбора и анализа анамнеза как средство обучения иностранных студентов-медиков профессиональной коммуникации на русском языкеeЖурнальная статья1#aКемеровоcКемеровский государственный университетd2026##a13 с.##aЖурнальная статья2local#1aДрейфельдgОксана Викторовна4#ajcenter.kemsu.ru